Geography Quiz

Random Geography or City Quiz

Biggest US cities through time Quiz Stats

 Plays Quiz not verified by Sporcle

Challenge
Share
Tweet
Embed
Score 0/231 Timer 10:00
0 Plays Today
census year (rank) US % Correct
1790 (1)New York
99.6%
1800 (1)New York
99.6%
1810 (1)New York
99.6%
1820 (1)New York
99.6%
1830 (1)New York
99.6%
1840 (1)New York
99.6%
1850 (1)New York
99.6%
1860 (1)New York
99.6%
1870 (1)New York
99.6%
1880 (1)New York
99.6%
1890 (1) New York
99.6%
1900 (1)New York
99.6%
1910 (1)New York
99.6%
1920 (1)New York
99.6%
1930 (1)New York
99.6%
1940 (1)New York
99.6%
1950 (1)New York
99.6%
1960 (1)New York
99.6%
1970 (1)New York
99.6%
1980 (1)New York
99.6%
1990 (1)New York
99.6%
2000 (1)New York
99.6%
2010 (1)New York
99.6%
1790 (3)Boston
99.3%
1800 (4)Boston
99.3%
1810 (4)Boston
99.3%
1820 (4)Boston
99.3%
1830 (4)Boston
99.3%
1840 (5)Boston
99.3%
1850 (3)Boston
99.3%
1860 (5)Boston
99.3%
1870 (7)Boston
99.3%
1880 (5)Boston
99.3%
1890 (6)Boston
99.3%
1900 (5)Boston
99.3%
1910 (5)Boston
99.3%
1920 (7)Boston
99.3%
1930 (9)Boston
99.3%
1940 (9)Boston
99.3%
1950 (10)Boston
99.3%
1790 (2)Philadelphia
98.9%
1800 (2)Philadelphia
98.9%
1810 (2)Philadelphia
98.9%
1820 (2)Philadelphia
98.9%
1830 (3)Philadelphia
98.9%
1840 (4)Philadelphia
98.9%
1850 (4)Philadelphia
98.9%
1860 (2)Philadelphia
98.9%
1870 (2)Philadelphia
98.9%
1880 (2)Philadelphia
98.9%
1890 (3)Philadelphia
98.9%
1900 (30Philadelphia
98.9%
1910 (3)Philadelphia
98.9%
1920 (3)Philadelphia
98.9%
1930 (3)Philadelphia
98.9%
1940 (3)Philadelphia
98.9%
1950 (#)Philadelphia
98.9%
1960 (4)Philadelphia
98.9%
1970 (4)Philadelphia
98.9%
1980 (4)Philadelphia
98.9%
1990 (5)Philadelphia
98.9%
2000 (5)Philadelphia
98.9%
2010 (5)Philadelphia
98.9%
1860 (9)Chicago
98.2%
1870 (5)Chicago
98.2%
1880 (4)Chicago
98.2%
1890 (2)Chicago
98.2%
1900 (2)Chicago
98.2%
1910 (2)Chicago
98.2%
1920 (2)Chicago
98.2%
1920 (10)Los Angeles
98.2%
1930 (2)Chicago
98.2%
1930 (5)Los Angeles
98.2%
1940 (2)Chicago
98.2%
1940 (5)Los Angeles
98.2%
1950 (2)Chicago
98.2%
1950 (4)Los Angeles
98.2%
census year (rank) US % Correct
1960 (2)Chicago
98.2%
1960 (3)Los Angeles
98.2%
1960 (7)Houston
98.2%
1970 (2)Chicago
98.2%
1970 (3)Los Angeles
98.2%
1970 (6)Houston
98.2%
1970 (8)Dallas
98.2%
1980 (2)Chicago
98.2%
1980 (3)Los Angeles
98.2%
1980 (5)Houston
98.2%
1980 (7)Dallas
98.2%
1990 (2)Los Angeles
98.2%
1900 (3)Chicago
98.2%
1990 (4)Houston
98.2%
1990 (8)Dallas
98.2%
2000 (2)Los Angeles
98.2%
2000 (3)Chicago
98.2%
2000 (4)Houston
98.2%
2000 (8)Dallas
98.2%
2010 (2)Los Angeles
98.2%
2010 (3)Chicago
98.2%
2010 (4)Houston
98.2%
2010 (9)Dallas
98.2%
1790 (5)Baltimore
97.8%
1800 (3)Baltimore
97.8%
1810 (3)Baltimore
97.8%
1820 (3)Baltimore
97.8%
1830 (2)Baltimore
97.8%
1840 (2)Baltimore
97.8%
1850 (2)Baltimore
97.8%
1860 (4)Baltimore
97.8%
1870 (6)Baltimore
97.8%
1880 (7)Baltimore
97.8%
1890 (7)Baltimore
97.8%
1900 (6)Baltimore
97.8%
1910 (7)Baltimore
97.8%
1920 (8)Baltimore
97.8%
1930 (8)Baltimore
97.8%
1940 (7)Baltimore
97.8%
1950 (6)Baltimore
97.8%
1960 (6)Baltimore
97.8%
1970 (7)Baltimore
97.8%
1980 (10)Baltimore
97.8%
1820 (9)Washington
97%
1950 (9)Washington
97%
1960 (9)Washington
97%
1970 (9)Washington
97%
1810 (7)New Orleans
96.7%
1820 (5)New Orleans
96.7%
1830 (5)New Orleans
96.7%
1840 (3)New Orleans
96.7%
1850 (5)New Orleans
96.7%
1860 (6)New Orleans
96.7%
1870 (9)New Orleans
96.7%
1880 (10)New Orleans
96.7%
1910 (9)Detroit
96.7%
1920 (4)Detroit
96.7%
1930 (4)Detroit
96.7%
1940 (4)Detroit
96.7%
1950 (5)Detroit
96.7%
1960 (5)Detroit
96.7%
1970 (5)Detroit
96.7%
1980 (6)Detroit
96.7%
1990 (7)Detroit
96.7%
2000 (10)Detroit
96.7%
1910 (8)Pittsburgh
96.3%
1920 (9)Pittsburgh
96.3%
1930 (10)Pittsburgh
96.3%
1940 (10)Pittsburgh
96.3%
1870 (10)San Francisco
95.9%
1880 (9)San Francisco
95.9%
1890 (8)San Francisco
95.9%
1900 (9)San Francisco
95.9%
1980 (8)San Diego
95.2%
1990 (6)San Diego
95.2%
2000 (7)San Diego
95.2%
2010 (8)San Diego
95.2%
census year (rank) US % Correct
1850 (8)St. Louis
94.8%
1860 (8)St. Louis
94.8%
1870 (4)St. Louis
94.8%
1880 (6)St. Louis
94.8%
1890 (5)St. Louis
94.8%
1900 (4)St. Louis
94.8%
1910 (4)St. Louis
94.8%
1920 (6)St. Louis
94.8%
1930 (7)St. Louis
94.8%
1940 (8)St. Louis
94.8%
1950 (8)St. Louis
94.8%
1960 (10)St. Louis
94.8%
1890 (10)Cleveland
94.5%
1900 (7)Cleveland
94.5%
1910 (6)Cleveland
94.5%
1920 (5)Cleveland
94.5%
1930 (6)Cleveland
94.5%
1940 (6)Cleveland
94.5%
1950 (7)Cleveland
94.5%
1960 (8)Cleveland
94.5%
1970 (10)Cleveland
94.5%
1990 (10)San Antonio
94.1%
2000 (9)San Antonio
94.1%
2010 (7)San Antonio
94.1%
1980 (9)Phoenix
93%
1990 (9)Phoenix
93%
2000 (6)Phoenix
93%
2010 (6)Phoenix
93%
1790 (9)Providence
92.3%
1800 (9)Providence
92.3%
1860 (10)Buffalo
92.3%
1900 (8)Buffalo
92.3%
1910 (10)Buffalo
92.3%
1830 (8)Cincinnati
90%
1840 (6)Cincinnati
90%
1850 (6)Cincinnati
90%
1860 (7)Cincinnati
90%
1870 (8)Cincinnati
90%
1880 (8)Cincinnati
90%
1890 (9)Cincinnati
90%
1900 (10)CIncinnati
90%
1790 (4)Charleston
88.2%
1800 (5)Charleston
88.2%
1810 (5)Charleston
88.2%
1820 (6)Charleston
88.2%
1830 (6)Charleston
88.2%
1840 (10)Charleston
88.2%
1810 (10)Albany
85.2%
1830 (9)Albany
85.2%
1840 (9)Albany
85.2%
1850 (10)Albany
85.2%
2010 (10)San Jose
84.9%
1840 (7)Brooklyn
75.6%
1850 (7)Brooklyn
75.6%
1860 (3)Brooklyn
75.6%
1870 (3)Brooklyn
75.6%
1880 (3)Brooklyn
75.6%
1890 (4)Brooklyn
75.6%
1800 (10)Norfolk
52.8%
1790 (7)Salem
48.7%
1800 (8)Salem
48.7%
1810 (9)Salem
48.7%
1820 (10)Salem
48.7%
1790 (8)Newport
42.4%
1790 (6)Northern Liberties
31.4%
1800 (6)Northern Liberties
31.4%
1810 (6)Northern Liberties
31.4%
1820 (7)Northern Liberties
31.4%
1830 (7)Northern Liberties
31.4%
1840 (8)Northern Liberties
31.4%
1790 (10 tie)Southwark
21.4%
1800 (7)Southwark
21.4%
1810 (8)Southwark
21.4%
1820 (8)Southwark
21.4%
1830 (10)Southwark
21.4%
1850 (9)Spring Garden
15.1%
1790 (10 tie)Marblehead
11.8%

You're not logged in!

Compare scores with friends on all Sporcle quizzes.
OR
Log In

You Might Also Like...

Show Comments

Extras

Top Quizzes Today


Score Distribution

Your Account Isn't Verified!

In order to create a playlist on Sporcle, you need to verify the email address you used during registration. Go to your Sporcle Settings to finish the process.

Report this User

Report this user for behavior that violates our Community Guidelines.

Details: